header

Psychotherapy and the memorable patient / (Record no. 266355)

MARC details
000 -LEADER
fixed length control field 01519pam a2200409 a 4500
001 - CONTROL NUMBER
control field 4770504
003 - CONTROL NUMBER IDENTIFIER
control field OSt
005 - DATE AND TIME OF LATEST TRANSACTION
control field 20260617120812.0
008 - FIXED-LENGTH DATA ELEMENTS--GENERAL INFORMATION
fixed length control field 860826s1986 nyu b 000 0 eng c
010 ## - LIBRARY OF CONGRESS CONTROL NUMBER
LC control number 86022852
020 ## - INTERNATIONAL STANDARD BOOK NUMBER
International Standard Book Number 0866565167
International Standard Book Number 9780866565165
035 ## - SYSTEM CONTROL NUMBER
System control number 4770504
040 ## - CATALOGING SOURCE
Original cataloging agency DNLM/DLC
Transcribing agency DLC
Modifying agency DLC
050 00 - LIBRARY OF CONGRESS CALL NUMBER
Classification number RC480.8
Item number .P77 1986
060 ## - NATIONAL LIBRARY OF MEDICINE CALL NUMBER
Classification number W1 PS87 v. 2 no. 4
-- WM 420 P97537
082 00 - DEWEY DECIMAL CLASSIFICATION NUMBER
Classification number 616.89/14
Edition number 19
245 00 - TITLE STATEMENT
Title Psychotherapy and the memorable patient /
Statement of responsibility, etc E. Mark Stern, editor, William Kir-Stimon, special editor for this issue.
260 ## - PUBLICATION, DISTRIBUTION, ETC. (IMPRINT)
Place of publication, distribution, etc New York :
Name of publisher, distributor, etc Haworth Press,
Date of publication, distribution, etc c1986.
300 ## - PHYSICAL DESCRIPTION
Extent xii, 152 p. ;
Dimensions 24 cm.
336 ## - CONTENT TYPE
Content type term text
Content type code txt
Source rdacontent
337 ## - MEDIA TYPE
Media type term unmediated
Media type code n
Source rdamedia
338 ## - CARRIER TYPE
Carrier type term volume
Carrier type code nc
Source rdacarrier
440 #4 - SERIES STATEMENT/ADDED ENTRY--TITLE
Title The Psychotherapy patient series
500 ## - GENERAL NOTE
General note "Has also been published as The Psychotherapy patient, volume 2, number 4, summer 1986"--T.p. verso.
504 ## - BIBLIOGRAPHY, ETC. NOTE
Bibliography, etc Includes bibliographies.
650 #0 - SUBJECT ADDED ENTRY--TOPICAL TERM
Topical term or geographic name as entry element Psychotherapist and patient.
Topical term or geographic name as entry element Attitude change.
Topical term or geographic name as entry element Physician-Patient Relations
General subdivision personal narratives.
Topical term or geographic name as entry element Psychotherapy
General subdivision personal narratives.
700 1# - ADDED ENTRY--PERSONAL NAME
Personal name Stern, E. Mark,
Dates associated with a name 1929-
Personal name Kir-Stimon, William.
856 42 - ELECTRONIC LOCATION AND ACCESS
Materials specified Publisher description
Uniform Resource Identifier <a href="http://www.loc.gov/catdir/enhancements/fy0810/86022852-d.html">http://www.loc.gov/catdir/enhancements/fy0810/86022852-d.html</a>
906 ## - LOCAL DATA ELEMENT F, LDF (RLIN)
a 7
b cbc
c orignew
d 1
e ocip
f 19
g y-gencatlg
942 ## - ADDED ENTRY ELEMENTS (KOHA)
Source of classification or shelving scheme Library of Congress Classification
Koha item type Long Loan Books
Holdings
Withdrawn status Lost status Source of classification or shelving scheme Damaged status Not for loan Collection code Home library Current library Shelving location Date acquired Source of acquisition Total Checkouts Full call number Barcode Date last seen Price effective from Koha item type
    Library of Congress Classification     Non-fiction Rongo University Library Rongo University Library General Stacks 17/06/2026 Books for Africa, Donation   RC480.8 .P77 1986 20262236 17/06/2026 17/06/2026 Long Loan Books

© 2026 Rongo University
Contact us: librarian | system librarian | Rongo university